| Registos Bibliográficos associados ao registo de autoridade |
|
Etiqueta de registo: 00000nam 2200025 450 001 2058775 003 http://id.bnportugal.gov.pt/bib/catbnp/2058775 010 ## $a978-989-54929-0-9 021 ## $aPT$b474176/20 100 ## $a20201103d2020 m y0pory01030103ba 101 0# $apor 102 ## $aPT 105 ## $ay z 000yy 106 ## $ar 200 1# $a O percurso intelectual de Raul Bopp$eviagem, escrita e intervenção social$fFabíola Guimarães Pedras Mourthé 210 #9 $aBraga$cCrescente Branco,$dD.L. 2020 215 ## $a269 p.$d23 cm 225 2# $aEstudos 675 ## $a821.134.3(81)Bopp, Raul.09$vBN$zpor$31795839 700 #1 $aMourthé,$bFabíola Guimarães Pedras$31794948 801 #0 $aPT$bBN$gRPC 856 41 $uhttp://rnod.bnportugal.gov.pt/ImagesBN/winlibimg.aspx?skey=&doc=2058775&img=145105&save=true 900 ## $aBIBNAC$d20201117 966 ## $lBN$mFGMON$sL. 153295 V.$x1 966 ## $lBN$mFGMON$sL. 153295 V.-D$x1
Etiqueta de registo: 00254nam 2200025 450 001 2222875 003 http://id.bnportugal.gov.pt/bib/catbnp/2222875 010 ## $a978-989-35615-7-7 021 ## $aPT$b546935/25 100 ## $a20250811d2025 m y0pory01030103ba 101 0# $apor 102 ## $aPT 105 ## $aa z 000zy 106 ## $ar 200 1# $a A casa dos expurgos$ediário 2024$fVergílio Alberto Vieira$gpról. Fabíola Guimarães Pedras Mourthé 210 #9 $aSantarém$cRosmaninho,$d2025 215 ## $a285, [2] p.$cil.$d22 cm 675 ## $a821.134.3-94"19/20"$vBN$zpor$31039422 700 #1 $aVieira,$bVirgílio Alberto,$f1950-$326093 702 #1 $aMourthé,$bFabíola Guimarães Pedras$4080$31794948 801 #0 $aPT$bBN$gRPC 856 41 $uhttp://rnod.bnportugal.gov.pt/ImagesBN/winlibimg.aspx?skey=&doc=2222875&img=212624&save=true 900 ## $aBIBNAC$d20251001 966 ## $lBN$mFGMON$sL. 178369 V.$x1 966 ## $lBN$mFGMON$sL. 178369 V.-D$x1 971 ## $casantos$d20250811 972 ## $e0$z0$d20251001$vlrevez 973 ## $cacosta$d20250922
Etiqueta de registo: 00254nam 2200025 450 001 2283813 003 http://id.bnportugal.gov.pt/bib/catbnp/2283813 010 ## $a978-989-35615-9-1 021 ## $aPT$b558391/25 100 ## $a20260407d2026 m y0pory01030103ba 101 0# $apor$aeng 102 ## $aPT 105 ## $aa z 000yy 106 ## $ar 200 1# $aMatéria de resistência e espanto nas literaturas de língua portuguesa$fLola Geraldes Xavier... [et al.]$gnota prévia Pires Laranjeira$gorg. Fabíola Guimarães Pedras Mourthé 210 #9 $a[S.l.]$cRosmaninho,$d2026 215 ## $a363, [2] p.$cil.$d23 cm 225 2# $aLivros que são vida 675 ## $a821.134.3(4/8)A/Z"19/20".09(042)$vBN$zpor$31998326 701 #1 $aXavier,$bLola Geraldes,$f1973-$4070$31016580 702 #1 $aLaranjeira,$bJ. L. Pires,$f1950-$4080$359314 702 #1 $aMourthé,$bFabíola Guimarães Pedras$4340$31794948 801 #0 $aPT$bBN$gRPC 966 ## $lBN$mFGMON$sL. 181833 V.$x1 966 ## $lBN$mFGMON$sL. 181833 V.-D$x1 971 ## $cssilva$d20260407 973 ## $cigoulao$d20260513
|
|
|